Propuesta del diseño del sistema de detección contra incendios del Teatro Nacional
Guardat en:
| Autor principal: | |
|---|---|
| Altres autors: | |
| Format: | Llibre |
| Idioma: | Spanish |
| Publicat: |
[San José], Costa Rica
2014
|
| Matèries: | |
| Etiquetes: |
Afegir etiqueta
Sense etiquetes, Sigues el primer a etiquetar aquest registre!
|
MARC
| LEADER | 00000nam a22000007a 4500 | ||
|---|---|---|---|
| 003 | 012169 | ||
| 005 | 20230823145340.0 | ||
| 008 | 150714b2014 cr a|||| |||| 00| ||spa d | ||
| 040 | |c cru CEDI | ||
| 090 | |a TFG 7334 | ||
| 100 | |9 1186 |a Valverde Quesada, Karen, 1988- | ||
| 245 | |a Propuesta del diseño del sistema de detección contra incendios del Teatro Nacional | ||
| 260 | |a [San José], Costa Rica |c 2014 | ||
| 300 | |a xi, 50 páginas : ilustraciones | ||
| 500 | |a Proyecto de graduación (bachillerato en ingeniería eléctrica)--Universidad de Costa Rica. Facultad de Ingeniería. Escuela de Ingeniería Eléctrica | ||
| 501 | |a Profesor Guía de IE-0499 Proyecto Eléctrico: Ing. Juan Pablo Cruz Ríos | ||
| 650 | |x SISTEMAS ELECTRONICOS DE ALARMA |x ALARMAS DE INCENDIO |x NORMAS |x TEATRO NACIONAL (COSTA RICA) |x CONTROL AUTOMATICO |x MEDIDAS DE SEGURIDAD |9 848 | ||
| 700 | |9 748 |a Cruz Ríos, Juan Pablo,1983- |d Director de Proyecto Eléctrico | ||
| 942 | |c CEDI | ||
| 999 | |c 13874 |d 13874 | ||
